Score 0/49 Timer 10:00
0 Plays Today
English Name Domestic Name % Correct
FranceFrance
92.4%
ItalyItalia
89.8%
SpainEspaña
84.7%
GermanyDeutschland
82.8%
AndorraAndorra
82.2%
MaltaMalta
79.6%
UKUnited Kingdom
79.6%
FinlandSuomi
79%
BelgiumBelgië-Belgique
78.3%
IrelandÉire
78.3%
San MarinoSan Marino
77.1%
PortugalPortugal
75.8%
AustriaÖsterreich
75.2%
LiechtensteinLiechtenstein
72.6%
PolandPolska
70.1%
NetherlandsNederland
68.2%
SwitzerlandSchweiz-Suisse
68.2%
DenmarkDanmark
66.9%
NorwayNorge
66.9%
GreeceΕλλάδα (Ellada)
66.2%
SwedenSverige
66.2%
RomaniaRomânia
65%
MoldovaMoldova
65%
CroatiaHrvatska
59.9%
IcelandÍsland
59.9%
English Name Domestic Name % Correct
EstoniaEesti
56.7%
TurkeyTürkiye
45.2%
SloveniaSlovenija
44.6%
MontenegroЦрна Гора (Crna Gora)
42.7%
SlovakiaSlovensko
42.7%
SerbiaСрбија (Srbija)
42%
BulgariaБългария (Bulgaria)
41.4%
RussiaPосси́я (Rossiya)
35.7%
LatviaLatvija
34.4%
LithuaniaLietuva
33.8%
CyprusΚύπρος (Kýpros)-Kibris
31.8%
MacedoniaМакедонија (Makedonija)
31.2%
AlbaniaShqipëria
30.6%
HungaryMagyarország
30.6%
UkraineУкраїна (Ukrayina)
28.7%
Bosnia and HerzegovinaBosna i Hercegovina
25.5%
ArmeniaՀայաստան (Hayastan)
22.3%
Georgiaსაქათველო (Sakartvelo)
18.5%
LuxembourgLëtzebuerg
18.5%
Czech RepublicČesko
16.6%
AzerbaijanAzərbaycan
14.6%
BelarusБеларусь (Byelarus)
14%
MonacoMúnegu
4.5%
VaticanSanta Sede
3.8%
Remove Ads.
Support Sporcle.
Get the best of Sporcle when you Go Orange. This ad-free experience offers more features, more stats, and more fun while also helping to support Sporcle. Thank you for becoming a member.

You're not logged in!

Compare scores with friends on all Sporcle quizzes.
OR
Log In

Sporcle TV

Today on Sporcle TV


Watch our educational content, quiz creation guides, and fun videos on Sporcle TV.

Show Comments

Extras

Top Quizzes Today


Score Distribution

Paid Content

Your Account Isn't Verified!

In order to create a playlist on Sporcle, you need to verify the email address you used during registration. Go to your Sporcle Settings to finish the process.

Report this User

Report this user for behavior that violates our Community Guidelines.

Details: